Arsenal goalscorers in all competitions 2011/12 Quiz Stats

 Plays Quiz not verified by Sporcle

Challenge
Share
Tweet
Embed
Score 0/18 Timer 05:00
0 Plays Today
Goals Player % Correct
37Robin van Persie
100%
11Theo Walcott
100%
3Laurent Koscielny
97.3%
1Bacary Sagna
94.6%
6Mikel Arteta
91.9%
2Kieran Gibbs
91.9%
3Aaron Ramsey
89.2%
4Gervais Lombe Yao Kouassi (Gervinho)
83.8%
2Tomas Rosicky
83.8%
Goals Player % Correct
1Alex Song
83.8%
6Thomas Vermaelen
81.1%
2Andrey Arshavin
75.7%
4Alex Oxlade-Chamberlain
73%
1Marouane Chamakh
73%
3Andre Santos
64.9%
6Yossi Benayoun
59.5%
2Thierry Henry
54.1%
1Park Chu-young
40.5%

You're not logged in!

Compare scores with friends on all Sporcle quizzes.
Join for Free
OR
Log In

You Might Also Like...

Show Comments

Extras

Top Quizzes Today


Score Distribution

Your Account Isn't Verified!

In order to create a playlist on Sporcle, you need to verify the email address you used during registration. Go to your Sporcle Settings to finish the process.

Report this User

Report this user for behavior that violates our Community Guidelines.

Details: